000 00331 a2200109 4500
001 ART_7514
005 20260410161720.0
008 260409a
245 1 0 _aLa tesis en el saber contable
100 1 _aGarcía Casella, Carlos Luis
773 0 _tContabilidad y auditoría
_g- Año 11, Nº 21 (jun. 2005)
_wREV1723
999 _c16881
_d16881